000 01015cam a2200253 4500
001 B2627
008 090401t1989 xxu||||| |||| 00| 0 eng d
035 _a(Sirsi) u51224
041 _aeng
050 _a692.8
110 _aNational Joint Consultative Committee for Building
_9994
245 _aCode of procedure for single stage selective tendering
250 _aRevised ed.
260 _aLondon
_bRIBA Publications Ltd
_c1989
300 _a12p. ; 30cm.
350 _a5
500 _aLater edition published June 1994. RICS 1994/103
520 _aProduced in collaboration with the Joint Standing Committee of Architects, Surveyors and Building Contractors in Scotland and the Joint Consultative Committee for Building Northern Ireland and in consultation with the Department of the Environment .
650 _aBUILT ENVIRONMENT-BUILDING CONTRACT FORMS
650 _aSINGLE STAGE SELECTIVE TENDERING
690 _aBUILT ENVIRONMENT-BUILDING CONTRACT FORMS
942 _n0
_2ddc
948 _c04/03/1997
999 _c92840
_d92840